UCHATTAR MADHYAMIK ARTHABIGYAN (Record no. 8020)
[ view plain ]
| 000 -LEADER | |
|---|---|
| fixed length control field | 00398cam a2200169ua 4500 |
| 008 - FIXED-LENGTH DATA ELEMENTS--GENERAL INFORMATION | |
| fixed length control field | 060101n1990 II |||gr||||Z||||||asm |
| 040 ## - CATALOGING SOURCE | |
| Original cataloging agency | MAIN |
| 041 ## - LANGUAGE CODE | |
| -- | English |
| 082 ## - DEWEY DECIMAL CLASSIFICATION NUMBER | |
| Classification number | 330 BAR |
| 100 ## - MAIN ENTRY--PERSONAL NAME | |
| Personal name | BARUA, DILIP KUMAR. |
| 245 ## - TITLE STATEMENT | |
| Title | UCHATTAR MADHYAMIK ARTHABIGYAN |
| 260 ## - PUBLICATION, DISTRIBUTION, ETC. | |
| Place of publication, distribution, etc. | GUWAHATI |
| Name of publisher, distributor, etc. | ARUN PRAKASHAN |
| Date of publication, distribution, etc. | 1990 |
| 300 ## - PHYSICAL DESCRIPTION | |
| Extent | 176: |
| Dimensions | 20CM. |
| 700 ## - ADDED ENTRY--PERSONAL NAME | |
| Personal name | BARUA, INDIRA. |
| 942 ## - ADDED ENTRY ELEMENTS (KOHA) | |
| Koha item type | Books |
| Withdrawn status | Lost status | Damaged status | Not for loan | Collection code | Home library | Current library | Shelving location | Date acquired | Full call number | Barcode | Date last seen | Copy number | Price effective from | Koha item type | Public note |
|---|---|---|---|---|---|---|---|---|---|---|---|---|---|---|---|
| Withdrawn | TBECO | Central Library and Information Centre Sibsagar Girls College | Central Library and Information Centre Sibsagar Girls College | Economics Rack | 23.06.1998 | 330 BAR | 15362 | 27.02.2020 | 1 | 27.02.2020 | Books | ||||
| Withdrawn | TBECO | Central Library and Information Centre Sibsagar Girls College | Central Library and Information Centre Sibsagar Girls College | Economics Rack | 23.06.1998 | 330 BAR | 15363 | 27.02.2020 | 2 | 27.02.2020 | Books | ||||
| Withdrawn | TBECO | Central Library and Information Centre Sibsagar Girls College | Central Library and Information Centre Sibsagar Girls College | Economics Rack | 23.06.1998 | 330 BAR | 15364 | 27.02.2020 | 3 | 27.02.2020 | Books | ||||
| Withdrawn | REFECO | Central Library and Information Centre Sibsagar Girls College | Central Library and Information Centre Sibsagar Girls College | Staff Office | 23.06.1998 | 330 BAR | 15365 | 27.02.2020 | 4 | 27.02.2020 | Books | V | |||
| Withdrawn | TBECO | Central Library and Information Centre Sibsagar Girls College | Central Library and Information Centre Sibsagar Girls College | Economics Rack | 23.06.1998 | 330 BAR | 15366 | 27.02.2020 | 5 | 27.02.2020 | Books | ||||
| Withdrawn | TBECO | Central Library and Information Centre Sibsagar Girls College | Central Library and Information Centre Sibsagar Girls College | Economics Rack | 23.06.1998 | 330 BAR | 15367 | 27.02.2020 | 6 | 27.02.2020 | Books |